00484nam a2200181 a 450000100060000000300090000600800410001502000150005604000280007108200100009910000200010924500530012926000460018230000110022849000250023965000160026465000220028017475CO-ViMGA141112s2004 ck r 000 u spa d a8448001982 aCO-ViMGAbspacCO-ViMGA04aSECcu1 aBalanya, Ismael10aEl secreto del cuadro antiguo y ocho casos más aBarcelona (España), cTimun mas, c1996 a115.p. aResuelve el misterio14aADIVINANZAS14aJUEGOS INFANTILES